Thiết kế hệ thống nhúng
Giới thiệu chung về hệ thống, các thành phần của hệ thống nhúng, ; hệ điều hành, thiết kế, cài đặt và phát triển hệ thống nhúng dựa trên hệ vi xử lý nhúng
Đã lưu trong:
| 主要作者: | |
|---|---|
| 格式: | 图书 |
| 语言: | Undetermined |
| 出版: |
Hà Nội
Thông tin và Truyền thông
2013
|
| 主题: | |
| 标签: |
添加标签
没有标签, 成为第一个标记此记录!
|
| Thư viện lưu trữ: | Trung tâm Học liệu Trường Đại học Cần Thơ |
|---|
| LEADER | 00904nam a2200205Ia 4500 | ||
|---|---|---|---|
| 001 | CTU_202633 | ||
| 008 | 210402s9999 xx 000 0 und d | ||
| 020 | |c 65000 | ||
| 082 | |a 629.895 | ||
| 082 | |b B113 | ||
| 100 | |a Đặng, Hoài Bắc | ||
| 245 | 0 | |a Thiết kế hệ thống nhúng | |
| 245 | 0 | |c Đặng Hoài Bắc, Nguyễn Ngọc Minh | |
| 260 | |a Hà Nội | ||
| 260 | |b Thông tin và Truyền thông | ||
| 260 | |c 2013 | ||
| 520 | |a Giới thiệu chung về hệ thống, các thành phần của hệ thống nhúng, ; hệ điều hành, thiết kế, cài đặt và phát triển hệ thống nhúng dựa trên hệ vi xử lý nhúng | ||
| 650 | |a Programmable controllers,Hệ chương trình điều khiển | ||
| 904 | |i Nguyên | ||
| 980 | |a Trung tâm Học liệu Trường Đại học Cần Thơ | ||